[Event "Neuchatel Open"]
[Site "Neuchatel"]
[Date "2002.??.??"]
[Round "?"]
[White "Tukmakov, Vladimir B"]
[Black "Lazarev, Vladimir"]
[Result "1-0"]
[WhiteElo "2575"]
[BlackElo "2445"]
[EventDate "2002.05.??"]
[PlyCount "77"]
[EventType "swiss"]
[EventRounds "7"]
[EventCountry "SUI"]
[Source "ChessBase"]
[SourceDate "2006.11.23"]
[WhiteTeamCountry "AUT"]
[BlackTeamCountry "AUT"]

1. c4 c5 2. Nf3 Nc6 3. Nc3 e5 4. e3 Nf6 5. a3 d6 6. Be2 Be7 7. d4 cxd4 8. 
exd4 Bg4 9. Be3 O-O 10. O-O Rc8 11. h3 Bh5 12. Rc1 Re8 13. d5 Bxf3 14. 
Bxf3 Na5 15. b3 b6 16. Qc2 g6 17. Qa2 Kg7 D {Should White begin 
calculating variations directed at the kingside? He can defend b3 with 1 
Bd1 , for example, and then play 2 Qd2/3  Bh6+ or 3 f4.

..........

Bd1 is a good idea but don't calculate it yet. White can visualize his way
to an excellent game by getting a minor piece to the big hole at c6.
He can consider Qb2 followed by Na2-b4-c6. But more promising is
Be2, which defends c4 and prepares 2 b4. Then, after the Black knight
retreats, White has an impressive maneuver, .Bd1 -a4-c6.
As the game went,} 18. Be2! Nd7 19. b4 Nb7 20. Bd1! f5 21. Ba4 Rf8 22. Bc6
Rb8 {White did not have to calculate anything until he was ready to break 
through. He
anticipated ... f4-f3 with 6 f3 ! and there followed} 23. f3 Nf6 24. Rfd1 
Nh5 25. Qd2 Rf7 {Only now did White need to work out variations, and he 
won after} 26. Bxb7! Rxb7 27. c5! bxc5 28. bxc5 dxc5 29. d6 Bf6 30. Na4 
Kg8 31. Nxc5 Rb8 32. Ne6 Qd7 33. Qd5 Re8 34. Nc5 Qb5 35. Rb1 Qa5 36. Rb7 
Rf8 37. Rxf7 Rxf7 38. d7 Bd8 39. Nb7 1-0

[Event "Leningrad-Moscow m"]
[Site "Leningrad RUS"]
[Date "1959.??.??"]
[Round "2.1"]
[White "Smyslov, Vasily"]
[Black "Spassky, Boris V"]
[Result "1-0"]
[WhiteElo "2683"]
[BlackElo "2652"]
[EventDate "1959.05.??"]

1. e4 c5 2. Nf3 e6 3. d4 cxd4 4. Nxd4 a6 5. c4 Nc6 6. Nc3 Bc5 7. Nb3 Bb4 
8. Bd3 Nge7 9. O-O O-O 10. Qc2 Bxc3 11. Qxc3 d5 12. Be3 dxc4 13. Bxc4 Qc7 
14. Rac1 Rd8 15. f4 Bd7 D {Should White be thinking of targets or about 
getting more out of a lazy
piece?
------------

Both. The targets are at f7 and the hole at b6. Although his queen looks 
nice on c3 White will get much more out of it on f2, where it threatens 
Bb6 and
supports f4-f5 .
After} 16. Qe1 ( 16. Be2 Be8 17. Qe1 Rac8 18. Qf2 Qb8 19. Nc5 ) 16. ... b6
?! ( {Black didn't like the looks of} 16. ... Nc8 17. Qf2 Be8 18. a3 b6 ) 
17. Qf2 Rdb8 {but then came} 18. f5! Qc8? ( {based on} 18. ... exf5 19. 
Bf4 Qa7 20. Bxb8 Rxb8 ) 19. Nd4 Nxd4 20. Bxd4 Nc6 21. fxe6! Bxe6 22. Bxe6 
( 22. Bxe6 Qxe6 23. Rxc6 Qxc6 24. Qxf7+ Kh8 25. Qxg7# ) 1-0

[Event "London Chess Classic 2nd"]
[Site "London ENG"]
[Date "2010.12.08"]
[Round "1"]
[White "McShane, Luke J"]
[Black "Carlsen, Magnus"]
[Result "1-0"]
[WhiteElo "2645"]
[BlackElo "2802"]
[EventDate "2010.12.08"]
[Annotator "Saunders,J"]
[PlyCount "77"]
[EventRounds "1"]
[EventCountry "ENG"]
[SourceDate "2010.12.08"]

1. c4 {Luke McShane is predominantly a 1 e4 player but he occasionally 
tries other opening moves.} 1. ... c5 2. g3 g6 3. Bg2 Bg7 4. Nc3 Nc6 5. 
Nf3 d6 6. O-O Nh6 {Carlsen, as much the highest rated player, is trying to
make the running with Black.} 7. d4 {The most enterprising continuation, 
showing that both players are up for a fight.} 7. ... cxd4 8. Bxh6 Bxh6 9.
 Nxd4 Ne5!? {A new move. Previous games in this line had continued 9...Bd7
or 9...Nxd4, with only a slight edge for White. Carlsen prefers to keep 
material on the board and aim for complexity.} 10. Qb3 O-O 11. Rfd1 {
[diagram] A tricky position for Black. There is no immediate danger of the
g2 bishop capturing on b7 but at the same time Black can't make positional
progress until he has resolved the clamp on his queenside. So he resolves 
to move his knight yet again in order to redeploy it to c5.} 11. ... Nd7 
12. Qa3 a5 13. b4 Ra6 ( {After the game, the players and commentators (GM 
Dan King and IM Lawrence Trent) had a look at some complex lines beginning
} 13. ... Nb6 14. c5 Nc4 15. Qb3 Nd2 {without coming to any specific 
conclusions. But these lines might have been combative for Black than the 
text.} ) 14. b5 Ra8 15. e3 a4 {Black gets ready for a possible development
of his queen on a5.} 16. Rab1 Bg7 D {It's important to note that the 
initiative can
be exploited in ways other than an attack on the
king. For example, the continual pressure may
eventually lead to a gain of material. In this position,
White has a lead in development and actively-
placed pieces, while Black has the two
bishops and a possible strong square for his
knight on c5. In order to keep Black from consolidating
and completing his development,
White must operate with immediate threats.} 17. Ne4 {Preventing ... .Nc5 
and threatening to open
the position up by 18 c5.} 17. ... Qb6 D {[I7 ... Na5 is safer. While the 
text-move is not
bad if followed up correctly, it's risky to place
the queen opposite the bI-rook.} 18. Nc6! {A tactical trick which yields a
positional edge.} 18. ... Re8?! {Too passive;} ( 18. ... bxc6!? 19. bxc6 
Qa5 ( 19. ... Qxc6?? 20. Nf6+ {wins the queen} ) 20. cxd7 Bxd7 21. c5!? 
Bg4 22. Rdc1 {may be playable but Magnus Carlsen didn't feel comfortable 
with it.} 22. ... dxc5 23. Rxc5 Qa6 {is
better. White has an edge due to his active rooks
but Black's bishops give him counterchances.} ) 19. Nb4! {White prepares 
to establish his knight on d5 and if Black tries to oust it with e6, the 
d6 pawn will be left very vulnerable.

Threatening .Nd5 followed by c5, so Black
takes action to expel the knight from e4 even
though he weakens his position in the process.} 19. ... f5 20. Nc3 Qc5?! {
This allows White to expand his initiative and
results in serious problems for Black. 20 ... e6 21
Nd3 Nc5 is a better chance, although White retains
considerable pressure.} ( 20. ... Bxc3 21. Qxc3 e6 {is not an option as 
White can bring further firepower onto the d6 pawn and win it.} ) 21. Nxa4
! {Another tactical trick with positional intentions.

A well-judged move, triggering some tactics
which keep Black occupied for several moves.} 21. ... Qa7 22. Na6! D {This
is forced to avoid losing a piece, but
also puts pressure on Black due to the threat of
23.Nc7.} 22. ... bxa6 23. b6 Nxb6 ( 23. ... Qb8 {is answered by} 24. Qb3! 
{with threats of c5+ and b7 forking rook and bishop. If} 24. ... Kh8 ( 
24. ... Bb7 25. c5+ Kh8 26. c6 {and wins.} ) 25. Bxa8 Qxa8 26. b7 {White 
wins material, so Black must return
the piece at once.} ) 24. Rxb6 {But he
had steadily lost ground in the positional battle that began with I Nc6 ! 
. White
piled on more forcing moves,} 24. ... Rb8 25. c5! {Typical initiative 
play: White introduces a
new threat of 26 Qb3+ and so forces Black's
reply.} 25. ... Be6 ( 25. ... Rxb6? 26. cxb6 Qd7 27. b7 Bxb7 28. Nc5 {wins
a piece} ) ( 25. ... dxc5 26. Qb3+! c4 27. Qxc4+ Kh8 28. Qf7! {is 
remarkably effective, e.g.} 28. ... Rf8 29. Rxb8 Rxf7 30. Rxc8+ Bf8 31. 
Nc5 {and White has a firm grip on the position.} ) 26. Rdb1 {Now the 
threats are 27 Rb7 and 27 cxd6.} 26. ... dxc5 27. Rb7 Rxb7 28. Rxb7 Qa8 
29. Nxc5! ( {Good choice.} 29. Rxe7 Qd8 30. Rxe8+ Qxe8 31. Nxc5 Bf8 {is 
much less decisive. Luke McShane is playing with great accuracy.} ) 
29. ... Qc8 {
29 ... Bf7 loses two pawns after 30 Rxe7, so
this is forced.} 30. Qxa6 {White has won a pawn but, importantly, his
initiative persists and this greatly simplifies what
would otherwise have been a tough technical
task.} 30. ... Bf7 ( 30. ... Qxc5 31. Qxe6+ Kh8 32. Bc6 {leads to an 
overwhelming position for White.} ) 31. Bc6 Rd8 {[diagram]} 32. Nd7! {
White's pieces are a picture of activity. The
main threat is 33 Qb6 followed by Rc7, trapping
the queen. Black's bishops are shut away
on the kingside and cannot influence the play in
the top-left comer.} ( 32. Rxe7? {would be a bad error after} 32. ... Bf8 
{. White is getting ready to strangle Black with Qb6 and Rb8 so Black 
plays something desperate.} ) 32. ... Rxd7 {Acquiescing to further 
material loss, but the
position was hopeless in any case.} 33. Bxd7 Qc1+ 34. Qf1 Qxf1+ 35. Kxf1 
Bc4+ 36. Kg1 Bxa2 37. Ba4 e5 38. f3 Bh6 39. Bb3+ 1-0

[Event "Bundesliga 9192"]
[Site "GER"]
[Date "1992.??.??"]
[Round "?.4"]
[White "Hertneck, Gerald"]
[Black "Vaganian, Rafael A"]
[Result "1/2-1/2"]
[WhiteElo "2530"]
[BlackElo "2590"]
[EventDate "1991.10.12"]

1. d4 Nf6 2. c4 e6 3. Nc3 d5 4. Bg5 Be7 5. e3 O-O 6. Rc1 h6 7. Bh4 b6 8. 
Bxf6 Bxf6 9. cxd5 exd5 10. Nge2 Bb7 11. g3 c5 12. Bg2 Na6 13. O-O cxd4 14.
 Nxd4 {Separate Boxes

Most players regard moves as being either tactical or positional. They 
like to
divide and distinguish them, putting them in separate boxes. That makes
studying easier. They can look at White-to-play-and-win positions to 
sharpen
their tactical skill. They can look at a master game with positional 
themes to
understand what strategy is all about.

But this blinds them to the benefits of a forcing positional move, like 
White's
play in the next example.} 14. ... Nc5 D {White's basic idea is to attack 
and win the d5-pawn, say with Nde2-f4 and
Qd2/.:Rd1 .
But Black has several defenses including . . . Ne4 and . . . Ne6, 
depending on
circumstances. Quiet White moves, which is another way of saying 
non-forcing
moves, may not overcome those defenses.
White's solution was} 15. b4! {forcing Black to choose a square for the 
knight
immediately. Then I . . .Ne6 rules out . . . Ne4 and allows a strong 2 
Nde2 ! .
So Black replied} 15. ... Ne4 {But White followed up with two more forcing
moves. He played} 16. Nxe4 Bxd4 D {zwischenzug
(in-between move)

Black's point is that without a White knight - and with a Black pawn on 
e4,
rather than d5 - there is no significant edge (3 Qxd4 dxe4 or 3 exd4 
dxe4).
However, the little tactics aren't over. White found a 
counter-zwischenzug.} ( 16. ... dxe4 17. Nc6! ) 17. Nd6! Qxd6 ( 17. ... 
Ba6? 18. Qxd4 Bxf1 19. Bxd5 Bh3 20. Bxa8 Qxa8 21. e4 ) 18. Qxd4 Rad8 19. 
Rfd1 f5 20. Qb2 Rf7 21. Rd4 Qe5 22. Rcd1 Kh8 23. Bf3 g5 24. Qd2 Rfd7 25. 
e4 fxe4 26. Bxe4 Rf8 27. Bg2 Rdf7 28. Rf1 Rf5 29. h4 Qf6 30. a4 Kg7 31. f4
g4 32. Re1 Rf7 33. Bxd5 Bxd5 34. Rxd5 Rxd5 35. Qxd5 Qc3 36. Qe5+ Qxe5 37. 
Rxe5 Rd7 38. a5 Rd3 39. Kf2 Rf3+ 40. Kg2 bxa5 41. Rxa5 Rb3 42. Rxa7+ Kf6 
43. Ra6+ Kf5 44. Ra5+ Ke4 45. Re5+ Kd4 46. b5 Rb2+ 47. Kf1 Rb3 48. h5 Kd3 
49. Kf2 1/2-1/2

[Event "Amber Chess 20. Rapid"]
[Site "Monaco MNC"]
[Date "2011.??.??"]
[Round "9"]
[White "Grischuk"]
[Black "Giri"]
[Result "1-0"]
[WhiteElo "2747"]
[BlackElo "2690"]

{Petite Combinaison
Tactics are not the same as combinational play. A tactical move typically
makes a threat. A combination typically offers a sacrifice. Both may 
secure a
positional advantage. Jose Capablanca was famous for making a petite 
combinaison, a little combination. Here's a modern example of a little
combination followed by little tactics.} 
1. d4 Nf6 2. c4 g6 3. Nc3 d5 4. Nf3 Bg7 5. Qa4+ Bd7 6. Qb3 dxc4 7. Qxc4 a6
8. Bf4 Nc6 9. Rd1 O-O 10. e3 Rc8 11. Be2 Na7 12. O-O Nb5 13. Be5 Be6 ( 
13. ... Nxc3 14. Qxc3 Bb5 15. Bxb5 axb5 16. Qc5 c6 17. Ng5 Ra8 18. a3 h6 
19. Bxf6 Bxf6 20. Ne4 Qb8 21. Rc1 Rd8 22. f4 Qa7 23. Qb4 ) 14. d5 Bd7 15. 
Qb3 Nd6 16. Nd4 Rb8 17. h3 D c5? {There is sound reasoning behind this: 
After 2 dxc6
bxc6 the improved piece play Black receives on the b-file may matter more 
than
the targets he creates at a6 and c6.
But I . . . c5? is an oversight. He was surprised by} ( 17. ... Qc8 18. 
Rc1 Rd8 19. Qb4 c5 20. dxc6 bxc6 21. Qa3 c5 22. Bxa6 Qc7 23. Nf3 ) 18. Ne6
! {which exploits the
presence of Black's king at the end of the b3-g8 diagonal.
It doesn't appear that the king matters in a position like this because 
there are
pawns at d5 and f7, blocking the diagonal. Yet the combination works 
because
after} 18. ... fxe6 19. dxe6 {White has three threats. One is the obvious 
4 exd7+. Black made the best of a bad deal by getting his king off the 
diagonal,} 19. ... Kh8 20. exd7 Qxd7 {the combination is over and we can 
appreciate the fruits
it bore White. He enjoys several positional plusses, including the two 
bishops,
the isolated e7-pawn and the exploitable hole at e6.
There are a number of promising moves to consider, including 6 Bf3 and
6 Na4. But White played} 21. Qb6 Qc6 22. Qxc6 bxc6 23. b3 {he had amassed 
four weak pawns.
Add to that the slimness of Black counterplay, and it amounts to a
positionally lost game.} 23. ... Nfe4 ( 23. ... Nfe8 24. Bxg7+ Kxg7 25. 
Bxa6 Nc7 26. Be2 Ne6 27. Bg4 Kf7 28. Bf3 c4 29. bxc4 Rfc8 30. Be2 ) 24. 
Nxe4 Bxe5 25. Nxc5 Ra8 26. Nd7! {Looking back, we can detect a difference.
The little combination, 2  Ne6 ! ,
gained several advantages. The little tactic, 6 Qb6 ! , was less forcing. 
But its
threat to win a pawn secured a won endgame.

Boris Gulko, the only player to win the championships of the Soviet Union
and the United States, grew up as a fan of Mikhail Tal. What he 
particularly
admired in Tal 's combinations is that when one was over, what was left on
the
board was not an 'and wins' position but one that had gotten somewhat 
better.

"They improve an equal position or tum a worse position into equality or,
often, make an unclear position more unclear," Gulko wrote. In fact, in 
the game
Tal called his favorite, the featured combination was essentially no more 
than a
clever way of trading queens.} 1-0

[Event "Malmo"]
[Site "Malmo SWE"]
[Date "1993.??.??"]
[Round "2"]
[White "Hellers, Ferdinand"]
[Black "Petursson, Margeir"]
[Result "1-0"]
[WhiteElo "2565"]
[BlackElo "2560"]
[EventDate "1993.06.??"]
[Annotator "Blatny,P"]
[EventType "tourn"]
[EventRounds "9"]
[EventCountry "SWE"]
[EventCategory "11"]
[Source "ChessBase"]
[SourceDate "2004.01.01"]
[WhiteTeamCountry "VIE"]
[BlackTeamCountry "UZB"]

1. e4 g6 2. d4 Bg7 3. Nc3 c6 4. f4 d5 5. e5 h5 ( 5. ... f6!? {Hansen,LB} 
6. Nf3 Nh6 7. Bd3 O-O 8. O-O Bg4 9. Ne2 Nf5 10. c3 Qb6 11. Kh1 += {
Tseitlin,MS-Poley,V/Rimavska Sobota/1991/} ) 6. Nf3 ( 6. Be3 {Hansen,LB} 
6. ... Nh6 7. Nf3 Bg4 8. Be2 Nf5 9. Bf2 e6 10. g3 h4 11. Rg1 Bf8 12. Qd2 
hxg3 13. hxg3 Be7 14. O-O-O Nd7 15. Rh1 Rg8 16. Nh2 Bxe2 17. Nxe2 Nb6 18. 
g4 Nc4 19. Qc3 Ng7 20. Nf3 += {Blatny,P-Stangl,M/Altensteig/1991/} ) 
6. ... Bg4 7. h3 Bxf3 8. Qxf3 Qb6 ( 8. ... h4 9. Be3 {/\0-0-0,Bf2 ><Ph4} )
( 8. ... e6 {Hansen,LB} 9. g3 Nh6 10. Be3 Nf5 11. Bf2 Nd7 12. O-O-O += {de
Firmian,N-MaCarthy,B/New York op/1991/} ) 9. Qf2 e6 {/\Ne7-f5} 10. Bd3 Ne7
( 10. ... h4!? {Hansen,LB} ) 11. O-O Nd7 ( 11. ... h4!? {Hansen,LB} 12. 
Ne2 ) 12. b3! ( 12. g4 {Ftacnik} ) 12. ... Nf5 13. Ne2 c5? ( 13. ... h4 
14. c4 Bf8 {/\Be7,Kf8-g7} ) 14. c4 dxc4 ( 14. ... Nxd4 15. Nxd4 cxd4 16. 
cxd5 exd5 17. Bb2 {/\Bd4+/-} ) ( 14. ... cxd4 15. cxd5 exd5 16. Bxf5 gxf5 
17. Nxd4 Qg6 â–¡ 18. Qc2 +- ) 15. Bxf5 ( 15. Bxc4?! cxd4 16. Bb2 Nc5 17. 
Bxd4 ( 17. Nxd4?! Ne4! 18. Bb5+ Kd8 19. Qe1 ( 19. Qc2 Ned6 20. exd6 Bxd4+ 
-+ ) 19. ... Ned6! 20. exd6 Bxd4+ 21. Bxd4 Nxd4! 22. Qh4+ Kc8 23. Bd7+ â–¡
Kxd7 24. Qe7+ Kc8 ( 24. ... Kc6 ) 25. d7+ Kb8 {/\Nc6,Rd8-+} ) 17. ... Nxd4
18. Nxd4 O-O = ) 15. ... gxf5 ( 15. ... exf5 16. dxc5 {/\Be3} 16. ... Nxc5
17. Be3 Rc8 18. bxc4 {/\Nc3-d5+/-} ( 18. bxc4 {Ftacnik} 18. ... O-O 19. 
Nc3 +/- ) ) ( 15. ... exf5 âŒ“ +/- {Hansen,LB} ) 16. bxc4 cxd4 17. Nxd4 a6
( 17. ... Nc5 18. Be3 +- ) ( 17. ... Bf8 âŒ“ ) 18. Be3 {One Move Further

There's a second kind of little tactics. This one is also positional in 
purpose
but it's non-forcing. A move of this kind doesn't threaten anything. B ut 
it needs
a tactical justification to make it playable.

It comes about most commonly when a master sees a candidate move he'd
like to play. Often it's a move he'd love to play. It improves his 
position
considerably. But it seems to fail for a simple reason, such as putting a 
pawn or
piece en prise.

The remedy is to look one move further. You try to find a tactical shot 
that
makes the positional candidate playable.} 18. ... Qc7 D {White has more 
space and more targets. Black can't castle kingside because
it would lose his h-pawn and likely his king as well.
But Black can put up a fight by maneuvering his knight to e4. He's not 
ready
to do that immediately because . . . Nc5 would allow Nxf5 ! , followed by 
Bxc5
or Nxg7+. However, Black can prepare with . . . b6 and then . . . Nc5-e4.
With that in mind, White turned a merely advantageous position into a 
nearly
winning one with} 19. c5! {What's protecting the pawn? Tactics: 

Black is on slightly firmer ground if he takes with his knight,

Some amateurs might consider 1 c5 because they see how taking the pawn
brings swift punishment. But White dido 't expect to win that way. He 
expect
to just keep improving his position, as in the game, which went} 19. ... 
Nf8 ( 19. ... Bf8 20. Rac1 Bxc5 21. Nxf5 +- ) ( 19. ... Rd8 20. Rac1 O-O 
21. c6 â†’ ) ( 19. ... Nxc5? 20. Nxf5 ( 20. Rac1 Qb6 ( 20. ... b6 21. Nb3 
) 21. Rxc5 Qxc5 22. Nxe6 ) 20. ... exf5 21. Bxc5 +- {><Ke8} ) ( 19. ... 
O-O {Ftacnik} 20. Rfc1 Rab8 21. Qf3 +/- ) ( 19. ... Qxc5 20. Nxe6 ) 20. 
Rab1! +/- f6? {><e6} ( 20. ... Rd8 21. Rfc1 +- ) 21. Qf3 Rb8 22. Rb6 fxe5 
23. Nxe6 +- Nxe6 24. Rxe6+ Kf8 25. fxe5 Kg8 26. Qd5 ( 26. Qd5 {Ftacnik} 
26. ... Qf7 27. Rxf5 Qxf5 28. Rf6+ +- ) 1-0